| 000 | 00412nam a2200181Ia 4500 | ||
|---|---|---|---|
| 001 | 19497 | ||
| 005 | 20260306172657.0 | ||
| 008 | 260306t2008||||xx |||||||||||||| ||spa|| | ||
| 041 | _aESP | ||
| 082 |
_a340.094 _bG82 |
||
| 100 |
_aGrossi, Paolo _eAUT |
||
| 245 | 0 | _aEuropa y el derecho | |
| 260 | _c2008 | ||
| 300 |
_a235 páginas : _c23 cm. |
||
| 650 | _aGEN | ||
| 654 | _aCDE | ||
| 942 |
_cLIB _dJUS _fJUS _2ddc _n |
||
| 999 |
_c19497 _d19497 |
||